<?xml version="1.0" encoding="UTF-8"?><?xml-stylesheet type="text/xsl" href="static/style.xsl"?><OAI-PMH xmlns="http://www.openarchives.org/OAI/2.0/" xmlns:xsi="http://www.w3.org/2001/XMLSchema-instance" xsi:schemaLocation="http://www.openarchives.org/OAI/2.0/ http://www.openarchives.org/OAI/2.0/OAI-PMH.xsd"><responseDate>2026-06-02T10:59:03Z</responseDate><request verb="GetRecord" identifier="oai:riuma.uma.es:10630/45638" metadataPrefix="marc">https://riuma.uma.es/rest/oai/request</request><GetRecord><record><header><identifier>oai:riuma.uma.es:10630/45638</identifier><datestamp>2026-03-03T07:16:33Z</datestamp><setSpec>com_10630_2254</setSpec><setSpec>col_10630_37960</setSpec></header><metadata><record xmlns="http://www.loc.gov/MARC21/slim" xmlns:dcterms="http://purl.org/dc/terms/" xmlns:doc="http://www.lyncode.com/xoai" xmlns:xsi="http://www.w3.org/2001/XMLSchema-instance" xsi:schemaLocation="http://www.loc.gov/MARC21/slim http://www.loc.gov/standards/marcxml/schema/MARC21slim.xsd">
   <leader>00925njm 22002777a 4500</leader>
   <datafield ind2=" " ind1=" " tag="042">
      <subfield code="a">dc</subfield>
   </datafield>
   <datafield ind2=" " ind1=" " tag="720">
      <subfield code="a">Marín-Gallardo, Miguel Ángel</subfield>
      <subfield code="e">author</subfield>
   </datafield>
   <datafield ind2=" " ind1=" " tag="720">
      <subfield code="a">Martín Guglielmino, Marcelo</subfield>
      <subfield code="e">author</subfield>
   </datafield>
   <datafield ind2=" " ind1=" " tag="720">
      <subfield code="a">Guerra Rosado, Francisco José</subfield>
      <subfield code="e">author</subfield>
   </datafield>
   <datafield ind2=" " ind1=" " tag="260">
      <subfield code="c">2006-04-20</subfield>
   </datafield>
   <datafield ind2=" " ind1=" " tag="520">
      <subfield code="a">Proyecto de diseño para exposición interpretativa permanente, consistente en la elaboración del "Proyecto Básico", 1ª Fase; documento rector que recoge los criterios del diseño conceptual de la dotación del Centro de Interpretación de la Naturaleza, en el que se integran las propuestas gráficas y los contenidos científicos para la dotación interpretativa. Mas una 2ª Fase en 2010, su "Asistencia Técnica"; ejecución material para la exposición permanente y recepción del Centro de Interpretación.

Este proyecto (1º Fase) consistió en la:
- Organización de los contenidos científicos para la información e interpretación (textuales e imágenes).
- Descripción y desarrollo de la dotación de medios informativos, interpretativos,
complementarios y de señalización.
- Descripción y desarrollo de la dotación funcional.
- Identidad gráfica, colores y tipografías.
- Sistema y elementos expositivos y no expositivos (funcionales).
- Distribución de los contenidos y elementos expositivos y no expositivos (funcionales).
- Especificaciones técnicas para la ejecución del proyecto.
- Mediciones y presupuesto de ejecución.

Y en su 2ª fase y ejecución: la construcción, producción e impresión de mobiliario, paneles interpretativos, maquetas, elementos interactivos mecánicos y electrónicos, sistema de iluminación y señalética.</subfield>
   </datafield>
   <datafield ind1="8" ind2=" " tag="024">
      <subfield code="a">https://hdl.handle.net/10630/45638</subfield>
   </datafield>
   <datafield tag="653" ind2=" " ind1=" ">
      <subfield code="a">Espacios naturales protegidos - Instalaciones</subfield>
   </datafield>
   <datafield ind2="0" ind1="0" tag="245">
      <subfield code="a">Consultoría y asistencia en diseño gráfico expositivo para la redacción del proyecto de dotación del Centro de Visitantes de Fuente de Piedra, José Antonio Valverde. Málaga</subfield>
   </datafield>
</record>
</metadata></record></GetRecord></OAI-PMH>